|
|
|
|
| LEADER |
00700nam a2200205 a 4500 |
| 001 |
7710 |
| 003 |
BD-DhAAL |
| 005 |
20151123121405.0 |
| 008 |
151123s1994 xna 000 1 eng d |
| 020 |
|
|
|a 0330294563
|
| 020 |
|
|
|a 1863868313
|
| 040 |
|
|
|a NSL:M
|b eng
|c NSL:M
|d ABN:1
|d BD-DhAAL
|
| 082 |
0 |
4 |
|a 823.914
|2 20
|
| 100 |
1 |
|
|a Forbes, Colin.
|9 16485
|
| 245 |
1 |
0 |
|a Cover story /
|c Colin Forbes
|
| 260 |
|
|
|a Sydney :
|a London :
|b Harlequin Mills & Boon,
|b Pan Books,
|c 1985.
|
| 300 |
|
|
|a 383 p. :
|c 18 cm.
|
| 942 |
|
|
|2 ddc
|c BK
|
| 999 |
|
|
|c 36286
|d 36286
|
| 952 |
|
|
|0 0
|1 0
|2 ddc
|4 0
|6 823_914000000000000_COL
|7 0
|9 57039
|a SCL
|b SCL
|c GEN
|d 2015-11-23
|e Gift:
|l 2
|m 13
|o 823.914 COL
|p 3020007710
|r 2017-07-16
|s 2017-05-19
|t 1
|w 2015-11-23
|y BK
|